Угадай автора по произведению - Statistics

General Stats
  • This quiz has been taken 316 times
  • The average score is 26 of 100
Answer Stats
Произведение Дата написания Автор % Correct
«Ромео и Джульетта» 1597 Уильям Шекспир
95%
«Мёртвые души» 1842 Николай Гоголь
91%
«Анна Каренина» 1878 Лев Толстой
85%
«Пиковая дама» 1834 Александр Пушкин
82%
«Муму» 1854 Иван Тургенев
82%
«Вишнёвый сад» 1904 Антон Чехов
75%
«Лолита» 1955 Владимир Набоков
66%
«Приключения Тома Сойера» 1876 Марк Твен
64%
«Десять негритят» 1939 Агата Кристи
64%
«Обломов» 1859 Иван Гончаров
63%
«Гранатовый браслет» 1910 Александр Куприн
57%
«1984» 1949 Джордж Оруэлл
57%
«Униженные и оскорблённые» 1861 Фёдор Достоевский
56%
«Бедная Лиза» 1792 Николай Карамзин
52%
«Гордость и предубеждение» 1813 Джейн Остин
52%
«Робинзон Крузо» 1719 Даниель Дефо
51%
«Мы» 1924 Евгений Замятин
50%
«Вокруг света за 80 дней» 1872 Жюль Верн
48%
«Мойдодыр» 1923 Корней Чуковский
48%
«Три мушкетёра» 1844 Виктор Гюго
47%
«451 градус по Фаренгейту» 1953 Рэй Брэдбери
47%
«Джейн Эйр» 1847 Шарлотта Бронте
45%
«Зелёная миля» 1996 Стивен Кинг
45%
«Убить пересмешника» 1960 Харпер Ли
43%
«Портрет Дориана Грея» 1890 Оскар Уайльд
42%
«Тимур и его команда» 1940 Аркадий Гайдар
42%
«Книга джунглей» 1894 Редьярд Киплинг
38%
«Норвежский лес» 1987 Харуки Мураками
37%
«Превращение» 1915 Франц Кафка
36%
«Один день Ивана Денисовича» 1962 Александр Солженицын
36%
«Унесённые ветром» 1936 Маргарет Митчелл
34%
«О дивный новый мир» 1932 Олдос Хаксли
33%
«Остров сокровищ» 1883 Роберт Льюис Стивенсон
32%
«Прощай, оружие!» 1929 Эрнест Хемингуэй
31%
«Сто лет одиночества» 1967 Габриэль Гарсиа Маркес
31%
«Облачный атлас» 2004 Дэвид Митчелл
31%
«Алхимик» 1988 Пауло Коэльо
30%
«Дракула» 1897 Брэм Стокер
29%
«Айвенго» 1819 Вальтер Скотт
28%
«Человек-амфибия» 1928 Александр Беляев
26%
«Это я — Эдичка» 1979 Эдуард Лимонов
25%
«Железная пята» 1908 Джек Лондон
23%
«Повелитель мух» 1954 Уильям Голдинг
22%
«Парфюмер. История одного убийцы» 1985 Патрик Зюскинд
22%
«Молодая гвардия» 1946 Александр Фадеев
21%
«Код да Винчи» 2003 Дэн Браун
20%
«Человек-невидимка» 1897 Герберт Уэллс
19%
«Омон Ра» 1992 Виктор Пелевин
19%
«Заводной апельсин» 1962 Энтони Бёрджесс
18%
«Турецкий гамбит» 1998 Борис Акунин
18%
«Ворон» 1845 Эдгар Аллан По
17%
«Повесть о двух городах» 1859 Чарльз Диккенс
17%
«Дети солнца» 1905 Максим Горький
17%
«Степной волк» 1927 Герман Гессе
17%
«Имя розы» 1980 Умберто Эко
16%
«Крёстный отец» 1969 Марио Пьюзо
15%
«О мышах и людях» 1937 Джон Стейнбек
14%
«Дикие лебеди» 1838 Ханс Кристиан Андерсен
12%
«Волшебная гора» 1924 Томас Манн
12%
«Зулейха открывает глаза» 2015 Гузель Яхина
12%
«Потерянный рай» 1667 Джон Мильтон
11%
«Джамиля» 1958 Чингиз Айтматов
11%
«Колыбель для кошки» 1963 Курт Воннегут
11%
«Американские боги» 2001 Нил Гейман
10%
«День опричника» 2006 Владимир Сорокин
10%
«Кандид, или Оптимизм» 1759 Вольтер
9%
«Молчание ягнят» 1988 Томас Харрис
9%
«Чернобыльская молитва» 1997 Светлана Алексиевич
9%
«Страна тумана» 1926 Артур Конан Дойл
8%
«Камешек в небе» 1950 Айзек Азимов
7%
«На игле» 1993 Ирвин Уэлш
7%
«Волшебник Земноморья» 1968 Урсула Ле Гуин
6%
«Хлеб с ветчиной» 1982 Чарльз Буковски
6%
«Осиная фабрика» 1984 Иэн Бэнкс
6%
«Сатанинские стихи» 1988 Салман Рушди
6%
«Тропик Рака» 1934 Генри Миллер
5%
«Человек, который продал Луну» 1950 Роберт Хайнлайн
5%
«Пески Марса» 1951 Артур Кларк
5%
«Уловка-22» 1961 Джозеф Хеллер
5%
«Рассказ служанки» 1985 Маргарет Этвуд
5%
«Бегущий за ветром» 2003 Халед Хоссейни
5%
«Фальшивомонетчики» 1925 Андре Жид
4%
«Бриллианты вечны» 1956 Ян Флеминг
4%
«Кролик, беги» 1960 Джон Апдайк
4%
«Американский психопат» 1991 Брет Истон Эллис
4%
«Метро 2033» 2002 Дмитрий Глуховский
4%
«Капитан Фракасс» 1863 Теофиль Готье
3%
«Страна карнавала» 1931 Жоржи Амаду
3%
«Мэлон умирает» 1951 Сэмюэл Беккет
3%
«Весенний снег» 1969 Мисима Юкио
3%
«Братья Львиное сердце» 1973 Астрид Линдгрен
3%
«Сёгун» 1975 Джеймс Клавелл
3%
«Выбор Софи» 1979 Уильям Стайрон
3%
«Мемуары гейши» 1997 Артур Голден
3%
«Жизнь Пи» 2001 Янн Мартел
3%
«Музей невинности» 2008 Орхан Памук
3%
«Комната Джованни» 1956 Джеймс Болдуин
2%
«Дневник Бриджит Джонс» 1996 Хелен Филдинг
2%
«Девушка с татуировкой дракона» 2005 Стиг Ларссон
2%
«Радуга шесть» 1998 Том Клэнси
1%
No matching quizzes found
Score Distribution
Percent of People with Each Score
Percentile by Number Answered
Your Score History
You have not taken this quiz